| 000 | 00744nam a2200241 i 4500 | ||
|---|---|---|---|
| 001 | 11116 | ||
| 003 | ES-MaACL | ||
| 005 | 20250822063109.0 | ||
| 007 | t| | ||
| 008 | 920313s1991 sp ||||0| spa j | ||
| 020 | _a84-85741-72-2 | ||
| 040 |
_aM-BN _bspa _cM-BN |
||
| 080 | _a008"19" | ||
| 100 | 1 |
_aVillegas López, Manuel, _d1906-1980 _9115221 |
|
| 245 | 1 | 3 |
_aLa nueva cultura / _cManuel Villegas López. |
| 260 |
_aMadrid : _bJ.C, _cD.L. 1991. |
||
| 300 |
_a125 p ; _c20 cm. |
||
| 490 | 1 |
_aObras completas de Manuel Villegas López ; _vv. 6 |
|
| 650 | 1 | 4 |
_aCultura- _yS.XX. _911520 |
| 830 | 0 |
_aObras completas de Manuel Villegas López ; _vv. 6 _9178950 |
|
| 852 |
_aES-MaACL _jL-18364 _bR.121898 |
||
| 999 |
_c11116 _d11116 |
||